| 000 | 00611nmm a2200169Ia 4500 | ||
|---|---|---|---|
| 008 | 251105s9999||||xx |||||||||||||||||und|| | ||
| 020 | _a9788437077505 | ||
| 041 | _aspa | ||
| 100 | _aCastro Dopacio, María Jesús | ||
| 245 | 0 |
_aEmperatriz de las Américas : _b La Virgen de Guadalupe en la literatura chicana |
|
| 264 |
_a[Madrid, España] : _bPublicaciones de la Universidad de Valencia (PUV), _c2010 |
||
| 300 | _a268 páginas | ||
| 490 | _aBiblioteca Javier Coy d'estudis nord-americans | ||
| 650 | _aLatin American literature | ||
| 856 | _uhttps://public.digitaliapublishing.com/a/35073 | ||
| 942 | _cCF | ||
| 999 |
_c82513 _d82513 |
||